[Event "62.HEM 2008, Gruppe D"]
[Site "Hanau"]
[Date "2008.03.23"]
[Round "5.29"]
[White "Cimen, Merih"]
[Black "Hoellwarth, Kai"]
[Result "0-1"]
[WhiteElo "1556"]
[BlackElo "1645"]
[PlyCount "88"]
[EventDate "2008.??.??"]

1. e4 d5 2. exd5 Qxd5 3. Nc3 Qa5 4. d4 c6 5. Bc4 Nf6 6. Bd2 Qd8 7. h3 Qxd4 8.
Bb3 Ne4 9. Qe2 Qxd2+ 10. Qxd2 Nxd2 11. Kxd2 Bf5 12. g4 Bg6 13. Rd1 Nd7 14. h4
h6 15. h5 Bh7 16. Kc1 e6 17. Nf3 Bc5 18. Kb1 Bxf2 19. Rxd7 Kxd7 20. Ne5+ Ke7
21. Rf1 Bd4 22. Rxf7+ Ke8 23. Bxe6 Bxe5 24. Rxb7 Bxc3 25. bxc3 g6 26. Bf7+ Kf8
27. hxg6 Bg8 28. Kc1 Bxf7 29. Rxf7+ Ke8 30. Rc7 Rg8 31. g7 Kd8 32. Rb7 Kc8 33.
Rf7 a5 34. a4 Kd8 35. Kd2 Ke8 36. Rb7 Rd8+ 37. Ke3 Rd7 38. Rb8+ Kf7 39. Rf8+
Rxf8 40. gxf8=Q+ Kxf8 41. Ke4 Rd5 42. Kf4 Ke7 43. Ke3 Kd6 44. Kf4 Kc5 0-1